[Event "Titled Tuesday 2023.09.19 Early"]
[Site "Chess.com INT"]
[Date "2023.09.19"]
[Round "4"]
[White "Ivanov, Mike"]
[Black "Piesik, Piotr"]
[Result "0-1"]
[WhiteElo "2335"]
[BlackElo "2426"]
[WhiteFideId "-1"]
[WhiteFideId "-1"]
[PlyCount "92"]
[GameId "1961207443431424"]
[EventDate "2023.09.19"]
[EventType "swiss (blitz)"]
[EventRounds "11"]
[EventCountry "NET"]
[SourceTitle "EXT 2024"]
[Source "ChessBase"]
[SourceDate "2023.10.10"]
[SourceVersion "1"]
[SourceVersionDate "2023.10.10"]
[SourceQuality "1"]

1. e4 g6 2. d4 Bg7 3. Nc3 c6 4. Be3 d5 5. e5 Nh6 6. Qd2 Nf5 7. Bf4 c5 8. dxc5 d4 9. Ne4 Qd5 10. Bd3 Bxe5 11. Bxe5 Qxe5 12. Nf3 Qd5 13. c3 Nc6 14. cxd4 Nfxd4 15. Nxd4 Qxd4 16. Qc3 Bf5 17. Qxd4 Nxd4 18. O-O-O O-O-O 19. Rhe1 Bxe4 20. Rxe4 e6 21. Bc4 Nf5 22. Ree1 Rxd1+ 23. Rxd1 Rd8 24. Rxd8+ Kxd8 25. Kd2 Nh4 26. Bf1 e5 27. Kd3 f5 28. Kc4 e4 29. Kd5 Kc7 30. b4 b6 31. a4 bxc5 32. bxc5 g5 33. Ke5 Kc6 34. g3 Nf3+ 35. Kxf5 Kxc5 36. Be2 Nd4+ 37. Kxe4 Nxe2 38. Kf5 Kb4 39. Kxg5 Kxa4 40. f4 Nd4 41. g4 Kb5 42. f5 a5 43. Kh6 a4 44. Kxh7 a3 45. f6 Ne6 46. f7 a2 0-1

[Event "Titled Tuesday 2023.09.19 Early"]
[Site "Chess.com INT"]
[Date "2023.09.19"]
[Round "5"]
[White "Musat, Adrian"]
[Black "Ivanov, Mike"]
[Result "0-1"]
[WhiteElo "2378"]
[BlackElo "2335"]
[WhiteFideId "-1"]
[WhiteFideId "-1"]
[PlyCount "114"]
[GameId "1961207444496384"]
[EventDate "2023.09.19"]
[EventType "swiss (blitz)"]
[EventRounds "11"]
[EventCountry "NET"]
[SourceTitle "EXT 2024"]
[Source "ChessBase"]
[SourceDate "2023.10.10"]
[SourceVersion "1"]
[SourceVersionDate "2023.10.10"]
[SourceQuality "1"]

1. d4 e6 2. Bf4 b6 3. Nf3 Bb7 4. e3 Nf6 5. Be2 g6 6. O-O Bg7 7. h3 O-O 8. c4 d6 9. Nc3 Ne4 10. Nxe4 Bxe4 11. Nd2 Bb7 12. Bf3 Nc6 13. Rc1 Rb8 14. Qa4 e5 15. Bg3 Qe8 16. d5 Nd4 17. Qxe8 Nxf3+ 18. Nxf3 Rfxe8 19. b4 a5 20. a3 axb4 21. axb4 Ra8 22. e4 Ra4 23. Rb1 Rea8 24. Rfd1 Bc8 25. c5 bxc5 26. bxc5 Rxe4 27. c6 Bh6 28. Bh4 Bf5 29. Bf6 Bg7 30. Bxg7 Kxg7 31. Rb7 Rc8 32. Ra1 Rc4 33. Raa7 Be4 34. Rxc7 Rxc7 35. Rxc7 Bxd5 36. Ng5 Rxc6 37. Rd7 h6 38. Nf3 Bxf3 39. gxf3 Kf6 40. Kg2 Ke6 41. Rd8 Rc7 42. Re8+ Re7 43. Rb8 g5 44. Rb4 Rd7 45. Kg3 Kf5 46. h4 f6 47. Kh3 d5 48. hxg5 hxg5 49. Kg3 d4 50. Rb6 d3 51. Rb1 d2 52. Rd1 Rd3 53. Kg2 Kf4 54. Kg1 Kxf3 55. Kf1 f5 56. Kg1 Ke2 57. f4 gxf4 0-1

[Event "Titled Tuesday 2023.09.19 Early"]
[Site "Chess.com INT"]
[Date "2023.09.19"]
[Round "7"]
[White "Ivanov, Mike"]
[Black "Subervi Nunez, Jonathan Sigfredo"]
[Result "1-0"]
[WhiteElo "2335"]
[BlackElo "2047"]
[WhiteFideId "-1"]
[WhiteFideId "-1"]
[PlyCount "153"]
[GameId "1961207446315008"]
[EventDate "2023.09.19"]
[EventType "swiss (blitz)"]
[EventRounds "11"]
[EventCountry "NET"]
[SourceTitle "EXT 2024"]
[Source "ChessBase"]
[SourceDate "2023.10.10"]
[SourceVersion "1"]
[SourceVersionDate "2023.10.10"]
[SourceQuality "1"]

1. e4 c5 2. Ne2 d6 3. g3 Nc6 4. Bg2 g6 5. c3 Bg7 6. d4 cxd4 7. cxd4 Nf6 8. O-O O-O 9. Nbc3 Bg4 10. h3 Bxe2 11. Nxe2 Nd7 12. Be3 Qa5 13. d5 Nce5 14. Bd4 Rfc8 15. b3 Nc5 16. a3 Qd8 17. b4 Ncd7 18. f4 Nc4 19. Bxg7 Kxg7 20. Qd4+ Kg8 21. Kh2 Qb6 22. Qd3 Qe3 23. Rad1 Qxd3 24. Rxd3 Ncb6 25. Nd4 Na4 26. Re1 Rc4 27. e5 Ndb6 28. exd6 exd6 29. Nb5 Rd8 30. Rde3 a6 31. Re8+ Rxe8 32. Rxe8+ Kg7 33. Nxd6 Rc2 34. Re7 Nxd5 35. Rxf7+ Kg8 36. Kg1 Ne3 37. Bf3 Rd2 38. Re7 Nc2 39. Rd7 Nd4 40. Bd5+ Kf8 41. Rf7+ Kg8 42. Rxb7+ Kh8 43. Rb8+ Kg7 44. Ne8+ Kh6 45. Rb7 Nc3 46. Nf6 g5 47. fxg5+ Kxg5 48. Nxh7+ Kf5 49. Rf7+ Ke5 50. Bg2 Rd1+ 51. Kh2 Rd2 52. h4 Nde2 53. Kh3 Nd4 54. g4 Rd3+ 55. Kh2 Nde2 56. h5 Nf4 57. Ng5 Rd2 58. Kg3 Rxg2+ 59. Kf3 Rd2 60. Rf5+ Kd4 61. Rxf4+ Kd5 62. Rf5+ Kd6 63. Rf6+ Ke7 64. Rf4 Rd3+ 65. Kg2 Rd2+ 66. Kg3 Rd3+ 67. Kh4 Ne2 68. Re4+ Kf6 69. Rxe2 Rd1 70. Ne4+ Ke5 71. Ng3+ Kf4 72. Rf2+ Ke3 73. Rf8 Rd2 74. h6 Rh2+ 75. Kg5 Rg2 76. Nh5 Kd4 77. h7 1-0

[Event "Titled Tuesday 2023.09.19 Early"]
[Site "Chess.com INT"]
[Date "2023.09.19"]
[Round "8"]
[White "Ivanov, Mike"]
[Black "Vasilevich, Tatjana"]
[Result "0-1"]
[WhiteElo "2335"]
[BlackElo "2302"]
[WhiteFideId "-1"]
[WhiteFideId "-1"]
[PlyCount "82"]
[GameId "1961207446593536"]
[EventDate "2023.09.19"]
[EventType "swiss (blitz)"]
[EventRounds "11"]
[EventCountry "NET"]
[SourceTitle "EXT 2024"]
[Source "ChessBase"]
[SourceDate "2023.10.10"]
[SourceVersion "1"]
[SourceVersionDate "2023.10.10"]
[SourceQuality "1"]

1. e4 c5 2. Ne2 e5 3. Nbc3 Nf6 4. g3 g6 5. Bg2 Bg7 6. d3 O-O 7. Be3 d6 8. h3 Nc6 9. Qd2 Rb8 10. O-O Nd4 11. f4 Ne8 12. Nd1 f5 13. c3 Nxe2+ 14. Qxe2 b6 15. Nf2 Ba6 16. c4 Bb7 17. exf5 gxf5 18. Nd1 Qe7 19. Nc3 Nc7 20. Bxb7 Rxb7 21. Rae1 b5 22. Qg2 Rbb8 23. cxb5 Nxb5 24. Nxb5 Rxb5 25. Qd5+ Kh8 26. b3 Rg8 27. Kh2 Ra5 28. a4 Ra6 29. fxe5 Qxe5 30. Qxe5 Bxe5 31. Bf4 Bxf4 32. Rxf4 Rb6 33. Rb1 Rgb8 34. Rxf5 Rxb3 35. Rxb3 Rxb3 36. Rd5 Rb6 37. d4 c4 38. Rf5 c3 39. Rf8+ Kg7 40. Rc8 Rb2+ 41. Kg1 c2 0-1

[Event "Titled Tuesday 2023.09.19 Early"]
[Site "Chess.com INT"]
[Date "2023.09.19"]
[Round "9"]
[White "Hartikainen, Jarmo"]
[Black "Ivanov, Mike"]
[Result "0-1"]
[WhiteElo "2108"]
[BlackElo "2335"]
[WhiteFideId "-1"]
[WhiteFideId "-1"]
[PlyCount "120"]
[GameId "1961207447678976"]
[EventDate "2023.09.19"]
[EventType "swiss (blitz)"]
[EventRounds "11"]
[EventCountry "NET"]
[SourceTitle "EXT 2024"]
[Source "ChessBase"]
[SourceDate "2023.10.10"]
[SourceVersion "1"]
[SourceVersionDate "2023.10.10"]
[SourceQuality "1"]

1. e4 e6 2. d4 d5 3. Nd2 c5 4. Ngf3 Nc6 5. exd5 exd5 6. Bb5 cxd4 7. Nxd4 Bd7 8. N2b3 Bd6 9. Nf3 Nge7 10. Be3 Bg4 11. Be2 O-O 12. h3 Bh5 13. c3 b6 14. Qd2 Bc7 15. Nbd4 a6 16. Rd1 Na5 17. b3 Re8 18. O-O Qd6 19. g3 Qd7 20. Kg2 Nb7 21. Bf4 Nc5 22. Ng5 Bxe2 23. Nxe2 h6 24. Nf3 Ne4 25. Qc1 Rac8 26. Bxc7 Qxc7 27. Ned4 Qxc3 28. Qa3 a5 29. Ne5 Qb4 30. Qxb4 axb4 31. f3 Nc3 32. Rd2 Nf5 33. Kf2 Nxd4 34. Rxd4 Rxe5 35. Re1 Rxe1 36. Kxe1 Re8+ 37. Kd2 Re2+ 38. Kd3 Rf2 39. Rxb4 Rxf3+ 40. Kd4 Rxg3 41. Rxb6 Nxa2 42. Kxd5 Rxh3 43. b4 Rb3 44. b5 Rxb5+ 45. Rxb5 Nc3+ 46. Kc4 Nxb5 47. Kxb5 h5 48. Kc4 h4 49. Kd3 h3 50. Ke4 h2 51. Kf4 h1=Q 52. Kg4 Qf1 53. Kg5 Kf8 54. Kg4 Ke7 55. Kg5 Ke6 56. Kg4 Kf6 57. Kg3 Kg5 58. Kh2 Qf3 59. Kg1 Qe2 60. Kh1 Kg4 0-1

[Event "Titled Tuesday 2023.09.19 Early"]
[Site "Chess.com INT"]
[Date "2023.09.19"]
[Round "10"]
[White "Ivanov, Mike"]
[Black "Budrewicz, Krzysztof"]
[Result "1-0"]
[WhiteElo "2335"]
[BlackElo "2184"]
[WhiteFideId "-1"]
[WhiteFideId "-1"]
[PlyCount "65"]
[GameId "1961207447912448"]
[EventDate "2023.09.19"]
[EventType "swiss (blitz)"]
[EventRounds "11"]
[EventCountry "NET"]
[SourceTitle "EXT 2024"]
[Source "ChessBase"]
[SourceDate "2023.10.10"]
[SourceVersion "1"]
[SourceVersionDate "2023.10.10"]
[SourceQuality "1"]

1. e4 d5 2. exd5 Nf6 3. Bb5+ Bd7 4. Be2 Nxd5 5. d4 g6 6. c4 Nb6 7. Nf3 Bg7 8. Nc3 O-O 9. h3 Nc6 10. Be3 e5 11. d5 Ne7 12. O-O Nf5 13. Bg5 f6 14. Bd2 Re8 15. c5 Nc8 16. Bc4 Kh8 17. Re1 Nce7 18. Rc1 b6 19. b4 a5 20. a3 axb4 21. axb4 bxc5 22. bxc5 Bc8 23. Qb3 Ba6 24. Bxa6 Rxa6 25. Qc4 Ra8 26. Red1 Nc8 27. Ne4 Nfe7 28. Bb4 Qd7 29. d6 Nf5 30. c6 Qe6 31. d7 Qxc4 32. dxe8=Q+ Qg8 33. Rd8 1-0

[Event "Titled Tuesday 2023.09.19 Early"]
[Site "chess.com INT"]
[Date "2023.09.19"]
[Round "6"]
[White "Bilan, Danila"]
[Black "Ivanov, Mike"]
[Result "1-0"]
[WhiteElo "2303"]
[BlackElo "2335"]
[WhiteFideId "-1"]
[WhiteFideId "-1"]
[PlyCount "73"]
[GameId "2130307554002208"]
[EventDate "2023.09.19"]
[EventType "swiss (blitz)"]
[EventRounds "11"]
[EventCountry "NET"]
[SourceTitle "The Week in Chess 1507"]
[Source "Mark Crowther"]
[SourceDate "2023.09.25"]
[SourceVersion "1"]
[SourceVersionDate "2023.09.25"]
[SourceQuality "2"]

1. d4 Nf6 2. Nf3 e6 3. g3 b6 4. Bg2 c6 5. O-O d5 6. c4 Be7 7. Qc2 O-O 8. Nbd2 Nbd7 9. e4 Ba6 10. b3 Rc8 11. Bb2 c5 12. exd5 exd5 13. Rfe1 Re8 14. Rad1 cxd4 15. Nxd4 Bb4 16. Rxe8+ Qxe8 17. Nf5 Qe6 18. a3 Bf8 19. Bh3 Qe2 20. Nd4 Qh5 21. Bg2 dxc4 22. bxc4 Ne5 23. Re1 Nxc4 24. Nxc4 Bxc4 25. Qa4 Bd5 26. Qd1 Qg6 27. Nf3 Ba8 28. Bxf6 Qxf6 29. Ne5 Bxg2 30. Kxg2 Bxa3 31. Nf3 Bf8 32. Qa4 a5 33. Qd7 Rb8 34. h4 Qd6 35. Qa7 h6 36. Ne5 Be7 37. Nf3 1-0

[Event "Titled Tuesday 2023.09.19 Early"]
[Site "chess.com INT"]
[Date "2023.09.19"]
[Round "11"]
[White "Shukhman, Anna"]
[Black "Ivanov, Mike"]
[Result "1-0"]
[WhiteElo "2232"]
[BlackElo "2335"]
[WhiteFideId "-1"]
[WhiteFideId "-1"]
[PlyCount "61"]
[GameId "2130307554014750"]
[EventDate "2023.09.19"]
[EventType "swiss (blitz)"]
[EventRounds "11"]
[EventCountry "NET"]
[SourceTitle "The Week in Chess 1507"]
[Source "Mark Crowther"]
[SourceDate "2023.09.25"]
[SourceVersion "1"]
[SourceVersionDate "2023.09.25"]
[SourceQuality "2"]

1. e4 e6 2. d4 d5 3. Nc3 Bb4 4. e5 c5 5. a3 Bxc3+ 6. bxc3 Nc6 7. Qg4 g6 8. Qd1 Qa5 9. Bd2 c4 10. a4 Bd7 11. f4 O-O-O 12. Nf3 f6 13. Be2 Rf8 14. O-O h6 15. h4 Rh7 16. h5 gxh5 17. Nh4 Rg7 18. Bxh5 Nge7 19. f5 Ng8 20. fxe6 Bxe6 21. exf6 Rxf6 22. Rxf6 Nxf6 23. Qe2 Bg4 24. Bxg4+ Rxg4 25. Rf1 Qd8 26. Qe6+ Kc7 27. Rxf6 Rxh4 28. a5 Re4 29. Bf4+ Rxf4 30. Rxf4 Qg5 31. Rf7+ 1-0

[Event "Maia op"]
[Site "Maia POR"]
[Date "2023.08.27"]
[Round "3.14"]
[White "Ivanov, Mike"]
[Black "Nilssen, Ellen Fredericia"]
[Result "1-0"]
[WhiteElo "2349"]
[BlackElo "2153"]
[WhiteFideId "-1"]
[WhiteFideId "-1"]
[PlyCount "61"]
[GameId "2130307555154958"]
[EventDate "2023.08.25"]
[EventType "swiss"]
[EventRounds "9"]
[EventCountry "POR"]
[SourceTitle "10 Days #734"]
[Source "ChessMix"]
[SourceDate "2023.09.10"]
[SourceVersion "1"]
[SourceVersionDate "2023.09.10"]
[SourceQuality "1"]

1. e4 c5 2. Nf3 d6 3. d4 cxd4 4. Nxd4 Nf6 5. f3 e5 6. Nb3 d5 7. Bg5 Be6 8. Bxf6 gxf6 9. exd5 Qxd5 10. Qxd5 Bxd5 11. Nc3 Be6 12. O-O-O Nc6 13. Bb5 Rc8 14. Nd5 f5 15. Nf6+ Ke7 16. Nd5+ Ke8 17. Rhe1 Bh6+ 18. Kb1 Kf8 19. Nc3 f6 20. Nc5 Ke7 21. Nxe6 Kxe6 22. Bc4+ Ke7 23. Nd5+ Kf8 24. Nxf6 Kg7 25. Rd6 Bg5 26. Nh5+ Kf8 27. Rd7 Be7 28. Be6 f4 29. Bd5 Bb4 30. Rf7+ Kg8 31. Nf6# 1-0

[Event "Maia op"]
[Site "Maia POR"]
[Date "2023.08.28"]
[Round "4.7"]
[White "Halkias, Stelios"]
[Black "Ivanov, Mike"]
[Result "1/2-1/2"]
[WhiteElo "2506"]
[BlackElo "2349"]
[WhiteFideId "-1"]
[WhiteFideId "-1"]
[PlyCount "67"]
[GameId "2130307555154988"]
[EventDate "2023.08.25"]
[EventType "swiss"]
[EventRounds "9"]
[EventCountry "POR"]
[SourceTitle "10 Days #734"]
[Source "ChessMix"]
[SourceDate "2023.09.10"]
[SourceVersion "1"]
[SourceVersionDate "2023.09.10"]
[SourceQuality "1"]

1. Nf3 Nf6 2. c4 b6 3. g3 Bb7 4. Bg2 g6 5. d4 Bg7 6. O-O O-O 7. d5 b5 8. Qb3 Qc8 9. Qxb5 c6 10. dxc6 Bxc6 11. Qb4 d6 12. Nc3 a5 13. Qb3 Na6 14. Be3 Ng4 15. Bg5 Rb8 16. Qc2 Qb7 17. b3 Ne5 18. Nh4 Bxg2 19. Nxg2 h6 20. Be3 Ng4 21. Rac1 Nb4 22. Qd2 Rfd8 23. Rfd1 Nxe3 24. Nxe3 e6 25. Na4 Kh7 26. h4 h5 27. Nc3 Rbc8 28. a3 Nc6 29. Rb1 Ne5 30. Rdc1 Bh6 31. f4 Nd7 32. b4 axb4 33. axb4 Bg7 34. Qd3 1/2-1/2

[Event "Maia op"]
[Site "Maia POR"]
[Date "2023.08.29"]
[Round "5.5"]
[White "Postny, Evgeny"]
[Black "Ivanov, Mike"]
[Result "1/2-1/2"]
[WhiteElo "2570"]
[BlackElo "2349"]
[WhiteFideId "-1"]
[WhiteFideId "-1"]
[PlyCount "120"]
[GameId "2130307555155020"]
[EventDate "2023.08.25"]
[EventType "swiss"]
[EventRounds "9"]
[EventCountry "POR"]
[SourceTitle "10 Days #734"]
[Source "ChessMix"]
[SourceDate "2023.09.10"]
[SourceVersion "1"]
[SourceVersionDate "2023.09.10"]
[SourceQuality "1"]

1. d4 Nf6 2. Nf3 d6 3. c4 Bf5 4. Nc3 g6 5. d5 c5 6. Nd2 Bd7 7. e4 Bg7 8. Be2 O-O 9. O-O Na6 10. f4 Nc7 11. e5 Nfe8 12. Nf3 Rb8 13. a4 a6 14. a5 b5 15. axb6 Rxb6 16. Re1 e6 17. h3 Rb4 18. Bf1 Bc8 19. b3 Bb7 20. Ba3 a5 21. Rc1 Bh6 22. g3 Bg7 23. Bg2 Qa8 24. dxe6 Nxe6 25. Nd5 N8c7 26. Nxc7 Nxc7 27. Bxb4 axb4 28. exd6 Ne6 29. Rc2 Rd8 30. Rxe6 fxe6 31. Ne5 Bxg2 32. Rxg2 Bxe5 33. fxe5 Qe4 34. Qe2 Qd4+ 35. Kh2 Rf8 36. Qb2 Qe4 37. Rf2 Qe1 38. Rxf8+ Kxf8 39. h4 h5 40. Kg2 Qe4+ 41. Kf2 Qd3 42. Kg2 Qe4+ 43. Kh2 Qe3 44. Kh3 Qe1 45. Qg2 Qxe5 46. Qa8+ Kf7 47. Qb7+ Kf8 48. Qc8+ Kf7 49. Qd7+ Kf8 50. Qd8+ Kf7 51. Qe7+ Kg8 52. Qe8+ Kg7 53. Qd7+ Kf8 54. Qc8+ Kf7 55. Qb7+ Kf8 56. Qf3+ Ke8 57. Qa8+ Kf7 58. d7 Qf5+ 59. Kg2 Qc2+ 60. Kh3 Qf5+ 1/2-1/2

[Event "Maia op"]
[Site "Maia POR"]
[Date "2023.08.31"]
[Round "7.7"]
[White "Balakrishnan, Praveen"]
[Black "Ivanov, Mike"]
[Result "1/2-1/2"]
[WhiteElo "2511"]
[BlackElo "2349"]
[WhiteFideId "-1"]
[WhiteFideId "-1"]
[PlyCount "120"]
[GameId "2130307555159188"]
[EventDate "2023.08.25"]
[EventType "swiss"]
[EventRounds "9"]
[EventCountry "POR"]
[SourceTitle "10 Days #734"]
[Source "ChessMix"]
[SourceDate "2023.09.10"]
[SourceVersion "1"]
[SourceVersionDate "2023.09.10"]
[SourceQuality "1"]

1. e4 e6 2. d4 d5 3. Nd2 Be7 4. Ngf3 Nf6 5. e5 Nfd7 6. Bd3 c5 7. c3 Nc6 8. O-O O-O 9. Re1 f5 10. exf6 Nxf6 11. Nf1 Bd7 12. Bb1 cxd4 13. cxd4 Rc8 14. a3 Qb6 15. Qd3 Qa6 16. Qxa6 bxa6 17. b4 a5 18. b5 Nd8 19. a4 Nf7 20. Ba3 Bxa3 21. Rxa3 Rc7 22. N1d2 Nd6 23. Ne5 Rfc8 24. Kf1 Be8 25. Bd3 Rc3 26. Rea1 Nf7 27. Nxf7 Bxf7 28. Ke2 Bg6 29. Bxg6 hxg6 30. f3 g5 31. Nb3 Rc2+ 32. Kf1 g4 33. R1a2 gxf3 34. gxf3 Rxa2 35. Rxa2 Rc3 36. Nxa5 Rxf3+ 37. Kg2 Rc3 38. Nc6 a6 39. Rb2 axb5 40. axb5 Nd7 41. Nd8 Nb6 42. Nxe6 Kf7 43. Nd8+ Ke7 44. Nb7 Nc4 45. Rb1 Rc2+ 46. Kh3 Rc3+ 47. Kg4 Rd3 48. b6 Rxd4+ 49. Kg5 Nd2 50. Nd8 Nf3+ 51. Kg6 Kxd8 52. b7 Ne5+ 53. Kxg7 Nd7 54. b8=Q+ Nxb8 55. Rxb8+ Ke7 56. Kg6 Rh4 57. Rb2 Ke6 58. Kg5 Rh3 59. Kg4 Rh8 60. h4 Rg8+ 1/2-1/2

[Event "Maia op"]
[Site "Maia POR"]
[Date "2023.09.01"]
[Round "8.20"]
[White "Ivanov, Mike"]
[Black "Li, Guohao"]
[Result "1-0"]
[WhiteElo "2349"]
[BlackElo "2042"]
[WhiteFideId "-1"]
[WhiteFideId "-1"]
[PlyCount "57"]
[GameId "2130307555163328"]
[EventDate "2023.08.25"]
[EventType "swiss"]
[EventRounds "9"]
[EventCountry "POR"]
[SourceTitle "10 Days #734"]
[Source "ChessMix"]
[SourceDate "2023.09.10"]
[SourceVersion "1"]
[SourceVersionDate "2023.09.10"]
[SourceQuality "1"]

1. e4 c6 2. d4 d5 3. e5 Bf5 4. h4 h5 5. Bd3 Bxd3 6. Qxd3 e6 7. Nf3 Qa5+ 8. Nbd2 Qa6 9. c4 Bb4 10. b3 Nd7 11. O-O Ne7 12. a4 Qa5 13. Ba3 Bxa3 14. Rxa3 Qb4 15. Ra2 a5 16. Rc1 Qb6 17. Rac2 g6 18. Nf1 dxc4 19. bxc4 Rd8 20. Ng3 Qc7 21. Qe3 c5 22. d5 exd5 23. e6 fxe6 24. cxd5 exd5 25. Re1 Nf8 26. Rxc5 Qd6 27. Rxd5 Qc7 28. Rc5 Qd7 29. Qc3 1-0

[Event "Maia op"]
[Site "Maia POR"]
[Date "2023.09.02"]
[Round "9.8"]
[White "Ivanov, Mike"]
[Black "Nijboer, Friso"]
[Result "0-1"]
[WhiteElo "2349"]
[BlackElo "2473"]
[WhiteFideId "-1"]
[WhiteFideId "-1"]
[PlyCount "98"]
[GameId "2130307555163349"]
[EventDate "2023.08.25"]
[EventType "swiss"]
[EventRounds "9"]
[EventCountry "POR"]
[SourceTitle "10 Days #734"]
[Source "ChessMix"]
[SourceDate "2023.09.10"]
[SourceVersion "1"]
[SourceVersionDate "2023.09.10"]
[SourceQuality "1"]

1. e4 c5 2. Nc3 Nc6 3. Nge2 e6 4. g3 Nf6 5. Bg2 d6 6. O-O Bd7 7. f4 Qb6 8. d3 Be7 9. h3 h5 10. Be3 e5 11. Rb1 Nd4 12. Qd2 a5 13. Nd1 Bc6 14. Nc1 h4 15. g4 exf4 16. Rxf4 d5 17. Rxf6 gxf6 18. exd5 Bd7 19. c3 f5 20. cxd4 cxd4 21. Bf2 fxg4 22. Nb3 Qg6 23. Bxd4 Rg8 24. Kh1 gxh3 25. Be4 Bf5 26. Nc3 Qg3 27. Qe2 Bg4 28. Qe3 f5 29. Rg1 Qxe3 30. Bxe3 fxe4 31. dxe4 Bf3+ 32. Kh2 Rxg1 33. Bxg1 Bg2 34. Bd4 Bg5 35. Be5 Kf7 36. Nd4 Bc1 37. Nf5 Bxb2 38. a4 b6 39. Bd4 Rd8 40. Nb5 Bxd4 41. Nfxd4 Bxe4 42. d6 Bd3 43. Kxh3 Bxb5 44. Nxb5 Ke6 45. Kxh4 Rxd6 46. Kg4 Rd1 47. Kf3 Ra1 48. Nd4+ Kd5 49. Nb5 Kc5 0-1

[Event "Split op"]
[Site "Split CRO"]
[Date "2023.08.05"]
[Round "1.16"]
[White "Ivanov, Mike"]
[Black "Stochnialek, Dominika"]
[Result "1-0"]
[WhiteElo "2349"]
[BlackElo "1782"]
[WhiteFideId "-1"]
[WhiteFideId "-1"]
[PlyCount "51"]
[GameId "2130307556253721"]
[EventDate "2023.08.05"]
[EventType "swiss"]
[EventRounds "9"]
[EventCountry "CRO"]
[SourceTitle "10 Days #732"]
[Source "ChessMix"]
[SourceDate "2023.08.20"]
[SourceVersion "1"]
[SourceVersionDate "2023.08.20"]
[SourceQuality "1"]

1. e4 e6 2. d4 d5 3. e5 c5 4. c3 Nc6 5. Nf3 Bd7 6. Bd3 cxd4 7. cxd4 Qb6 8. O-O Nxd4 9. Nbd2 Nc6 10. Nb3 Nge7 11. Be3 Qc7 12. Rc1 Ng6 13. Nc5 Ngxe5 14. Nxe5 Qxe5 15. Nxd7 Kxd7 16. Qa4 Qc7 17. b4 Bxb4 18. Rxc6 bxc6 19. Qxb4 Rhb8 20. Qd4 f6 21. Rc1 h5 22. Bc2 Qa5 23. Qd3 Qb4 24. Qg6 Qe7 25. Ba4 Rc8 26. Bc5 1-0

[Event "Split op"]
[Site "Split CRO"]
[Date "2023.08.06"]
[Round "2.15"]
[White "Begic, Domagoj"]
[Black "Ivanov, Mike"]
[Result "1/2-1/2"]
[WhiteElo "2017"]
[BlackElo "2349"]
[WhiteFideId "-1"]
[WhiteFideId "-1"]
[PlyCount "150"]
[GameId "2130307556257840"]
[EventDate "2023.08.05"]
[EventType "swiss"]
[EventRounds "9"]
[EventCountry "CRO"]
[SourceTitle "10 Days #732"]
[Source "ChessMix"]
[SourceDate "2023.08.20"]
[SourceVersion "1"]
[SourceVersionDate "2023.08.20"]
[SourceQuality "1"]

1. d4 Nf6 2. c3 b6 3. Bf4 Bb7 4. e3 g6 5. Nf3 Bg7 6. h3 d6 7. Nbd2 Nbd7 8. Be2 e6 9. a4 a6 10. Bh2 Qe7 11. b4 O-O 12. O-O e5 13. Kh1 Rfe8 14. Re1 e4 15. Ng1 Nf8 16. a5 b5 17. Nb3 Bd5 18. Nd2 Rab8 19. Rb1 Rb7 20. Qc2 Qe6 21. Rec1 Qf5 22. Rf1 Reb8 23. c4 bxc4 24. Bxc4 Bxc4 25. Qxc4 Nd5 26. Qxa6 Nxb4 27. Qe2 Qxa5 28. Nxe4 Nd7 29. Nf3 h6 30. Bg3 Kh7 31. Rb3 Nd5 32. Rxb7 Rxb7 33. Qc2 f5 34. Ned2 N7f6 35. Rb1 Rxb1+ 36. Qxb1 Nc3 37. Qd3 Nce4 38. Kg1 Nxg3 39. fxg3 Qa4 40. Qb3 Qxb3 41. Nxb3 Ne4 42. Kh2 Kg8 43. Nfd2 Nxd2 44. Nxd2 Kf7 45. d5 Bc3 46. Nf3 g5 47. g4 Kf6 48. Kg3 Kg6 49. Kf2 fxg4 50. hxg4 h5 51. Nh2 Be5 52. gxh5+ Kxh5 53. g3 g4 54. Nf1 Kg6 55. Ke2 Kf5 56. Kd3 Bg7 57. e4+ Kg5 58. Ke2 Bd4 59. Nd2 Kf6 60. Nc4 Kg6 61. Ne3 Kg5 62. Nc4 Bc5 63. Ne3 Bb4 64. Nc4 Bc3 65. Kf2 Kf6 66. Ke2 Ba1 67. Ne3 Kg5 68. Nc4 Bd4 69. Kf1 Kf6 70. Ke2 Ba7 71. Ne3 Kg5 72. Nc4 Kh5 73. Kf1 Kg6 74. Ke2 Bc5 75. Ne3 Kg5 1/2-1/2

[Event "Split op"]
[Site "Split CRO"]
[Date "2023.08.06"]
[Round "3.23"]
[White "Ivanov, Mike"]
[Black "Zaytsev, Alexander"]
[Result "1/2-1/2"]
[WhiteElo "2349"]
[BlackElo "1995"]
[WhiteFideId "-1"]
[WhiteFideId "-1"]
[PlyCount "33"]
[GameId "2130307556257871"]
[EventDate "2023.08.05"]
[EventType "swiss"]
[EventRounds "9"]
[EventCountry "CRO"]
[SourceTitle "10 Days #732"]
[Source "ChessMix"]
[SourceDate "2023.08.20"]
[SourceVersion "1"]
[SourceVersionDate "2023.08.20"]
[SourceQuality "1"]

1. e4 c5 2. Nf3 e6 3. b3 b6 4. Bb2 Bb7 5. Nc3 a6 6. Qe2 Nc6 7. O-O-O Qc7 8. h4 Nf6 9. h5 Nd4 10. Qe1 Rc8 11. Rh3 b5 12. e5 Ng4 13. Rg3 Bxf3 14. gxf3 Nxe5 15. f4 Nec6 16. h6 g6 17. Nd5 1/2-1/2

[Event "Split op"]
[Site "Split CRO"]
[Date "2023.08.07"]
[Round "4.19"]
[White "Poljak, Stipe"]
[Black "Ivanov, Mike"]
[Result "1-0"]
[WhiteElo "1982"]
[BlackElo "2349"]
[WhiteFideId "-1"]
[WhiteFideId "-1"]
[PlyCount "99"]
[GameId "2130307556257892"]
[EventDate "2023.08.05"]
[EventType "swiss"]
[EventRounds "9"]
[EventCountry "CRO"]
[SourceTitle "10 Days #732"]
[Source "ChessMix"]
[SourceDate "2023.08.20"]
[SourceVersion "1"]
[SourceVersionDate "2023.08.20"]
[SourceQuality "1"]

1. d4 Nf6 2. Nf3 c5 3. d5 b5 4. a4 b4 5. c4 e6 6. dxe6 fxe6 7. g3 Bb7 8. Bg2 Nc6 9. O-O Be7 10. b3 O-O 11. Bb2 Qe8 12. Qc2 Rd8 13. Nbd2 Ng4 14. h3 Nh6 15. Ne4 Qg6 16. Rac1 Nf7 17. Rfd1 Na5 18. Ned2 Qh6 19. Ba1 d5 20. cxd5 exd5 21. Re1 d4 22. e4 Bc8 23. h4 Be6 24. e5 Qg6 25. Qxg6 hxg6 26. Rb1 g5 27. hxg5 Nxg5 28. Nxg5 Bxg5 29. f4 Be7 30. Be4 g5 31. Rf1 Bf5 32. Kg2 Kg7 33. Bxf5 Rxf5 34. Kf3 Rdf8 35. Kg4 Kg6 36. Bb2 Nc6 37. Nc4 Nd8 38. Rbe1 Ne6 39. Bc1 gxf4 40. gxf4 Nc7 41. Rf3 Nd5 42. Rh1 R8f7 43. Rfh3 Rxf4+ 44. Bxf4 Rxf4+ 45. Kg3 Bg5 46. Rh7 Ne7 47. Rxe7 d3 48. Rd7 Kf5 49. Rf7+ Ke4 50. Re1+ 1-0